| 000 | 01238cam a2200337 i 4500 | ||
|---|---|---|---|
| 001 | 13859194 | ||
| 003 | EG-ScBUE | ||
| 005 | 20241107094902.0 | ||
| 008 | 050202t2005 nyua f b 001 0 eng d | ||
| 020 | _a9780387001524 | ||
| 020 | _a0387001522 | ||
| 040 |
_aDLC _beng _erda _cDLC _dDLC _dEG-ScBUE |
||
| 082 | 0 | 4 |
_a519.287 _222 _bVOV |
| 100 | 1 |
_aVovk, Vladimir, _d1960- _eauthor. |
|
| 245 | 1 | 0 |
_aAlgorithmic learning in a random world / _cVladimir Vovk, University of London Egham, United Kingdom, Alexander Gammerman, University of London Egham, United Kingdom, Glenn Shafer, Rutgers Business School Newark, NJ, USA. |
| 264 | 1 |
_aNew York : _bSpringer, _c[2005] |
|
| 264 | 4 | _cc2005 | |
| 300 |
_axiv, 324 pages : _billustrations ; _c25 cm |
||
| 336 |
_2rdacontent _atext _btxt |
||
| 337 |
_aunmediated _2rdamedia _bn |
||
| 338 |
_avolume _bnc _2rdacarrier |
||
| 504 | _aIncludes bibliographical references and index. | ||
| 650 | 7 |
_aPrediction theory. _2BUEsh _940925 |
|
| 650 | 7 |
_aAlgorithms. _2BUEsh _913108 |
|
| 650 | 7 |
_aStochastic processes. _2BUEsh _92923 |
|
| 653 |
_bGGEN _cNovember2017 |
||
| 655 | _vReading book | ||
| 700 | 1 |
_aGammerman, A. _q(Alexander) _eauthor. |
|
| 700 | 1 |
_aShafer, Glenn, _d1946- _eauthor. |
|
| 942 |
_2ddc _cBB |
||
| 999 |
_c25680 _d25652 |
||